|
|
|
|
| LEADER |
00000nam2a2200000 4500 |
| 001 |
543369 |
| 005 |
20231101115224.0 |
| 035 |
|
|
|a (RuTPU)RU\TPU\prd\234534
|
| 035 |
|
|
|a RU\TPU\prd\218074
|
| 090 |
|
|
|a 543369
|
| 100 |
|
|
|a 20150413a19709999km y0rusy50 ca
|
| 101 |
0 |
|
|a rus
|
| 102 |
|
|
|a RU
|
| 200 |
0 |
|
|a № 1: Приложение
|
| 210 |
|
|
|d 2015
|
| 461 |
|
1 |
|0 (RuTPU)RU\TPU\prd\1524
|t Квант
|o научно-популярный физико-математический журнал
|f Российская академия наук (РАН)
|v № 1: Приложение
|d 1979-
|
| 464 |
|
|
|t Физик в гостях у биолога
|f К. Ю. Богданов
|d 2015
|p 240с.
|s приложение к журналу "Квант"
|
| 610 |
1 |
|
|a физические процессы
|
| 610 |
1 |
|
|a жизнедеятельность
|
| 610 |
1 |
|
|a организмы
|
| 610 |
1 |
|
|a органы чувств
|
| 610 |
1 |
|
|a биоэлектрика
|
| 610 |
1 |
|
|a зрение
|
| 610 |
1 |
|
|a дыхание
|
| 610 |
1 |
|
|a слух
|
| 610 |
1 |
|
|a вода
|
| 610 |
1 |
|
|a электростатика
|
| 801 |
|
0 |
|a RU
|b 63413507
|c 20010227
|g PSBO
|
| 801 |
|
1 |
|a RU
|b 63413507
|c 20140414
|
| 801 |
|
2 |
|a RU
|b 63413507
|c 20230517
|g RCR
|
| 942 |
|
|
|c BK
|
| 999 |
|
|
|a НТБ_ТПУ
|b НФ
|e -1/20150112
|p П-9068
|s 6/20141120
|u 0,00
|v 1
|